Загрузка...
CRUCIAL EXPOSE THE SIMI FICTIONS : TEHELKA INVESTIGATION REVEALS ALARMING FINDINGS
| Главный автор: | |
|---|---|
| Формат: | Printed Book |
| Опубликовано: |
Tehelka
|
| Предметы: | |
| Online-ссылка: | http://10.26.1.76/ks/002964.pdf |
| LEADER | 004070000a22001210004500 | ||
|---|---|---|---|
| 100 | |a AJIT SAHI | ||
| 245 | |a CRUCIAL EXPOSE THE SIMI FICTIONS : TEHELKA INVESTIGATION REVEALS ALARMING FINDINGS | ||
| 260 | |b Tehelka | ||
| 650 | |a STUDENT ISLAMIC MOVEMENT INDIA | ||
| 856 | |u http://10.26.1.76/ks/002964.pdf | ||
| 942 | |c KS | ||
| 999 | |c 72352 |d 72352 | ||
| 952 | |0 0 |1 0 |4 0 |7 0 |9 64316 |a MGUL |b MGUL |d 2015-08-01 |l 0 |r 2015-08-01 |w 2015-08-01 |y KS | ||